| 000 | 00487nam a2200157Ia 4500 | ||
|---|---|---|---|
| 003 | GCL | ||
| 005 | 20240530104521.0 | ||
| 008 | 140319s9999 xx 000 0 ara d | ||
| 040 |
_aGCL / _cGCL |
||
| 082 | 0 | 4 |
_a323.11567 _bم م |
| 100 | 0 | _aمازن بلال | |
| 245 | 1 | 0 |
_aالمسالة الكردية : الوهم والحقيقة / _cمازن بلال |
| 260 |
_aبيروت : _bبيسان للنشر والتوزيع والاعلام، _c1993 |
||
| 300 | _a168 ص | ||
| 942 |
_2ddc _cBK |
||
| 999 |
_c48284 _d48284 |
||